| 000 | 00667nam a22002057a 4500 | ||
|---|---|---|---|
| 003 | OSt | ||
| 005 | 20210421074736.0 | ||
| 008 | 210226s1993 ||||| |||| 00| 0 eng d | ||
| 040 |
_aeng _beng _cDLC |
||
| 041 | _aeng | ||
| 080 |
_a61 _bS-25 |
||
| 100 |
_91137 _aSaunders, M. deC. B., J. |
||
| 245 |
_aThis Special Edition of the Illustrations from the Works of Andreas Vesalius of Brussels _b/ by: The Classics of Neurology and Neurosurgery Library |
||
| 260 |
_aNew York _bThe Classics of Medicine Library _c1993 |
||
| 300 |
_a253 p. _bill. |
||
| 650 | 0 |
_969 _aMedicine |
|
| 653 | _aმედიცინა | ||
| 700 |
_91138 _aO'Malley, D. Charles |
||
| 942 |
_2udc _cBK |
||
| 999 |
_c1744 _d1744 |
||